000
00332nam a22001457a 4500
003
OSt
005
20160727222458.0
008
160705b xxu||||| |||| 00| 0 eng d
040
_c
TEST
100
_9
2230
_a
Panandiker, S
245
_a
Chitku
260
_a
N.D
_b
Children Books Trust
_c
2003
300
_a
Chitku
942
_2
ddc
_c
BK
999
_c
1919
_d
1919